[Event "7eme open international de La Fere"]
[Site "La Fere (FRA)"]
[Date "2008.07.09"]
[Round "6.19"]
[White "Forthofer, Robert"]
[Black "Lepere, Corentin"]
[Result "1-0"]
[WhiteElo "2243"]
[BlackElo "1640"]
[PlyCount "59"]
[EventDate "2008.??.??"]

1. e4 c5 2. Nf3 e6 3. d4 cxd4 4. Nxd4 a6 5. Nc3 Qc7 6. Bd3 b5 7. O-O Bb7 8. Re1
Bd6 9. g3 Nc6 10. Nb3 b4 11. Na4 Nge7 12. Be3 Be5 13. f4 Bd6 14. Nb6 Rd8 15.
Nc4 Qb8 16. Qh5 Ng6 17. e5 Be7 18. Nc5 Ba8 19. Ne4 O-O 20. g4 f5 21. gxf5 exf5
22. Ned6 Bxd6 23. Nxd6 Ncxe5 24. fxe5 Nxe5 25. Bf4 Nf3+ 26. Kf1 Rc8 27. Nxf5 g6
28. Re7 gxh5 29. Nh6+ Kh8 30. Rxh7# 1-0

[Event "7eme open international de La Fere"]
[Site "La Fere (FRA)"]
[Date "2008.07.09"]
[Round "6.17"]
[White "Soveaux, Jean"]
[Black "Le Goff, Damien"]
[Result "0-1"]
[WhiteElo "1660"]
[BlackElo "2261"]
[PlyCount "72"]
[EventDate "2008.??.??"]

1. d4 Nf6 2. c4 e6 3. Nc3 Bb4 4. Nf3 b6 5. Qc2 Bb7 6. a3 Bxc3+ 7. bxc3 Ne4 8.
Nd2 f5 9. Nxe4 Bxe4 10. Qd2 Bb7 11. Qf4 O-O 12. f3 d6 13. Qg3 Nc6 14. Bh6 Qf6
15. Bd2 e5 16. e3 Rae8 17. Be2 f4 18. Qf2 exd4 19. exd4 Na5 20. O-O Ba6 21. Bd1
Bxc4 22. Re1 Nc6 23. Bc2 a5 24. Rab1 Nd8 25. Re4 Rxe4 26. fxe4 f3 27. g3 Be2
28. Bf4 Qg6 29. Qe3 Qg4 30. Re1 g5 31. Bb3+ Kh8 32. Bxg5 f2+ 33. Qxf2 Rxf2 34.
Kxf2 Qxg5 35. Rxe2 Nf7 36. Kg2 Kg7 0-1

[Event "7eme open international de La Fere"]
[Site "La Fere (FRA)"]
[Date "2008.07.09"]
[Round "6.20"]
[White "Mulder, Bart-Piet"]
[Black "Delahaye, Marc"]
[Result "1-0"]
[WhiteElo "2219"]
[BlackElo "1610"]
[PlyCount "45"]
[EventDate "2008.??.??"]

1. d4 Nf6 2. Nf3 g6 3. g3 Bg7 4. Bg2 O-O 5. c4 d6 6. Nc3 Nbd7 7. e4 a6 8. O-O
Rb8 9. Re1 b5 10. cxb5 axb5 11. e5 dxe5 12. dxe5 Ng4 13. Bf4 Nc5 14. h3 b4 15.
Ne4 Nxe4 16. Rxe4 Nh6 17. Rd4 Qe8 18. g4 c5 19. Rc4 Rb5 20. Qc1 Be6 21. Rxc5
Qd7 22. Rxb5 Qxb5 23. Bxh6 1-0

[Event "7eme open international de La Fere"]
[Site "La Fere (FRA)"]
[Date "2008.07.09"]
[Round "6.21"]
[White "Vereggen, Lars"]
[Black "Demanghon, Jonathan"]
[Result "0-1"]
[WhiteElo "1616"]
[BlackElo "2213"]
[PlyCount "112"]
[EventDate "2008.??.??"]

1. d4 e6 2. c4 Nf6 3. g3 Bb4+ 4. Bd2 Qe7 5. Bg2 a5 6. Nf3 Nc6 7. a3 Bxd2+ 8.
Nbxd2 d6 9. O-O e5 10. d5 Nb8 11. e4 Na6 12. Qc2 Bd7 13. Ne1 h5 14. h4 c6 15.
Nd3 O-O 16. Rae1 cxd5 17. exd5 Bf5 18. Qc3 Qc7 19. f4 Ng4 20. Nc1 Qb6+ 21. Kh1
Nf2+ 22. Kh2 exf4 23. gxf4 Rae8 24. Ne2 Re3 25. Qd4 Ng4+ 26. Kh1 Qd8 27. Kg1
Qxh4 28. Nf3 Rxf3 29. Rxf3 Qxe1+ 30. Bf1 h4 31. Rc3 Nh2 32. Kxh2 Qxf1 33. Qe3
h3 34. Qf3 Qxf3 35. Rxf3 Bg4 36. Re3 Bxe2 37. Rxe2 a4 38. Kxh3 Rc8 39. Re4 Kf8
40. Kg3 Re8 41. Kf3 Rxe4 42. Kxe4 Ke7 43. Kd4 Kf6 44. c5 Nxc5 45. Kc4 Kf5 46.
Kb5 Kxf4 47. Kb6 Ke5 48. Kc7 g5 49. Kd8 g4 50. Ke8 g3 51. Kxf7 g2 52. Ke8 g1=Q
53. Kd8 Qg7 54. Kc8 Qd7+ 55. Kb8 b5 56. Ka8 Qb7# 0-1

[Event "7eme open international de La Fere"]
[Site "La Fere (FRA)"]
[Date "2008.07.09"]
[Round "6.22"]
[White "Ben Porat, Tal"]
[Black "Defrance, Laurent"]
[Result "0-1"]
[WhiteElo "1659"]
[BlackElo "2167"]
[PlyCount "36"]
[EventDate "2008.??.??"]

1. e4 c6 2. Nc3 d5 3. Nf3 Bg4 4. h3 Bxf3 5. Qxf3 e6 6. d3 Nd7 7. g3 Ngf6 8. Bg2
Bb4 9. Bd2 d4 10. Nb1 Qb6 11. c3 Bc5 12. b3 Ne5 13. Ke2 dxc3 14. Be3 Rd8 15.
Nxc3 Bxe3 16. fxe3 Rxd3 17. Nd1 Qa5 18. Kf1 Rd2 0-1

[Event "7eme open international de La Fere"]
[Site "La Fere (FRA)"]
[Date "2008.07.09"]
[Round "6.23"]
[White "Adelise, Theo"]
[Black "Delorme, Laurie"]
[Result "0-1"]
[WhiteElo "1600"]
[BlackElo "2155"]
[PlyCount "88"]
[EventDate "2008.??.??"]

1. e4 e5 2. Nf3 Nc6 3. Bb5 a6 4. Bxc6 dxc6 5. d4 exd4 6. Qxd4 Qxd4 7. Nxd4 Bd7
8. Nc3 O-O-O 9. Nde2 Bd6 10. Bd2 Ne7 11. O-O-O Ng6 12. f3 Rhe8 13. Ng3 f6 14.
Nce2 Bc5 15. Bc3 Ne5 16. Bxe5 Rxe5 17. Kb1 g6 18. Nf4 Re7 19. Nd3 Bd6 20. Rhe1
c5 21. Nf2 h5 22. Nh3 h4 23. Nf1 Bxh3 24. gxh3 Rde8 25. Re2 f5 26. Rde1 c6 27.
c3 b5 28. Kc2 Bf4 29. Kd1 fxe4 30. Rxe4 Rxe4 31. Rxe4 Rxe4 32. fxe4 c4 33. b3
cxb3 34. axb3 a5 35. Kc2 Kd7 36. Kd3 Kd6 37. c4 a4 38. bxa4 bxa4 39. Kc2 Kc5
40. Kc3 a3 41. Kb3 a2 42. Kxa2 Kxc4 43. Kb2 Kd3 44. Kb3 c5 0-1

[Event "7eme open international de La Fere"]
[Site "La Fere (FRA)"]
[Date "2008.07.09"]
[Round "6.24"]
[White "Pijpers, Arthur"]
[Black "Caulier, Amaury"]
[Result "1-0"]
[WhiteElo "2150"]
[BlackElo "1600"]
[PlyCount "49"]
[EventDate "2008.??.??"]

1. e4 e5 2. Nf3 Nc6 3. Bb5 d6 4. d4 Bd7 5. Nc3 Nf6 6. O-O Be7 7. Qd3 O-O 8.
Bxc6 Bxc6 9. dxe5 dxe5 10. Nxe5 Re8 11. Nxc6 bxc6 12. Bg5 Nd5 13. Bxe7 Nxe7 14.
Qxd8 Raxd8 15. Rad1 Rd6 16. Rxd6 cxd6 17. Rd1 d5 18. exd5 Nxd5 19. Nxd5 cxd5
20. Kf1 Rd8 21. c4 d4 22. Ke2 f5 23. Kd3 Kf7 24. Re1 a5 25. Re5 1-0

[Event "7eme open international de La Fere"]
[Site "La Fere (FRA)"]
[Date "2008.07.09"]
[Round "6.25"]
[White "Bedu, Jean-Pierre"]
[Black "Haast, Mark"]
[Result "0-1"]
[WhiteElo "1560"]
[BlackElo "2089"]
[PlyCount "40"]
[EventDate "2008.??.??"]

1. d4 g6 2. c4 Bg7 3. Nc3 Nf6 4. e4 O-O 5. f3 d6 6. Bg5 b6 7. Qc2 c5 8. d5 Nbd7
9. Bd3 a6 10. Nh3 Rb8 11. Nf2 Ne5 12. Be2 h6 13. Be3 Bd7 14. Qd2 Kh7 15. g4 b5
16. g5 hxg5 17. Bxg5 Nxc4 18. Qf4 Nxb2 19. h4 Nh5 20. Qh2 Bxc3+ 0-1

[Event "7eme open international de La Fere"]
[Site "La Fere (FRA)"]
[Date "2008.07.09"]
[Round "6.26"]
[White "Jouneau, Quentin"]
[Black "Lever, Erwan"]
[Result "1-0"]
[WhiteElo "1978"]
[BlackElo "1536"]
[PlyCount "61"]
[EventDate "2008.??.??"]

1. e4 c5 2. Nf3 d6 3. d4 cxd4 4. Nxd4 Nf6 5. Nc3 g6 6. g3 Bg7 7. Bg2 O-O 8. O-O
a6 9. a4 Bd7 10. a5 Nc6 11. Nb3 Qc8 12. Na4 Qc7 13. Be3 Be6 14. Nb6 Rab8 15. f4
Bxb3 16. cxb3 Qd8 17. g4 Nd7 18. Nc4 Rc8 19. Rf3 Nb4 20. Ra4 Nc6 21. Rh3 Nc5
22. Ra1 Nb4 23. Nb6 Rc7 24. Nd5 Nxd5 25. exd5 Bxb2 26. Rb1 Bg7 27. Qe1 Rc8 28.
Qh4 h6 29. f5 Nd7 30. Bxh6 Nf6 31. Bxg7 1-0

[Event "7eme open international de La Fere"]
[Site "La Fere (FRA)"]
[Date "2008.07.09"]
[Round "6.27"]
[White "Honore, Adrien"]
[Black "Pytel, Bozena"]
[Result "0-1"]
[WhiteElo "1290"]
[BlackElo "1966"]
[PlyCount "66"]
[EventDate "2008.??.??"]

1. e4 e6 2. d4 d5 3. e5 c5 4. c3 Nc6 5. Nf3 Nge7 6. Bg5 cxd4 7. cxd4 Qb6 8. b3
Nf5 9. Be3 Bb4+ 10. Nbd2 Bc3 11. Rc1 Bb2 12. Rc2 Bxd4 13. Nxd4 Ncxd4 14. Rc1
Nxe3 15. fxe3 Nf5 16. Rc3 Nxe3 17. Qc1 O-O 18. Nf3 Ng4 19. Rc2 Qe3+ 20. Qxe3
Nxe3 21. Rc3 Nxf1 22. Rxf1 b6 23. Rf2 Ba6 24. Rc7 Rfc8 25. Rfc2 Rxc7 26. Rxc7
Bd3 27. Nd4 a6 28. Kd2 Bf1 29. a4 Bxg2 30. Rb7 b5 31. axb5 axb5 32. Nxb5 f6 33.
exf6 gxf6 0-1

[Event "7eme open international de La Fere"]
[Site "La Fere (FRA)"]
[Date "2008.07.09"]
[Round "6.29"]
[White "Jossien, Remy"]
[Black "Brelot, Loic"]
[Result "1-0"]
[WhiteElo "2291"]
[BlackElo "1848"]
[PlyCount "41"]
[EventDate "2008.??.??"]

1. d4 d5 2. Nc3 c6 3. Nf3 Nf6 4. Bf4 Bf5 5. e3 Qb6 6. Rb1 e6 7. Ne5 Nbd7 8. g4
Bg6 9. h4 h5 10. Nxg6 fxg6 11. g5 Ng8 12. Bh3 Kf7 13. Qf3 Ke7 14. O-O c5 15.
Rfe1 Qa6 16. e4 cxd4 17. exd5 Nc5 18. b4 dxc3 19. bxc5 Qxa2 20. Bd6+ Ke8 21.
Qxf8+ 1-0

[Event "7eme open international de La Fere"]
[Site "La Fere (FRA)"]
[Date "2008.07.09"]
[Round "6.31"]
[White "Lauridsen, Jesper Morch"]
[Black "Dumas, Victor"]
[Result "1-0"]
[WhiteElo "2262"]
[BlackElo "1756"]
[PlyCount "29"]
[EventDate "2008.??.??"]

1. e4 e5 2. Nf3 Nc6 3. Bb5 a6 4. Ba4 Nf6 5. Nc3 d6 6. Bxc6+ bxc6 7. d4 exd4 8.
Nxd4 Bb7 9. Bg5 Be7 10. Nf5 O-O 11. Qf3 c5 12. Qg3 g6 13. Nxe7+ Qxe7 14. Qh4
Rfe8 15. Bxf6 1-0

[Event "7eme open international de La Fere"]
[Site "La Fere (FRA)"]
[Date "2008.07.09"]
[Round "6.35"]
[White "Lamerant, Olivier"]
[Black "Regniez, Jeremy"]
[Result "1-0"]
[WhiteElo "2090"]
[BlackElo "1750"]
[PlyCount "51"]
[EventDate "2008.??.??"]

1. e4 e6 2. d4 b6 3. Bd3 Bb7 4. f4 Nf6 5. Qe2 c5 6. c3 Be7 7. Nf3 O-O 8. O-O d6
9. Na3 a6 10. b3 b5 11. Nc2 c4 12. bxc4 bxc4 13. Bxc4 Nxe4 14. Bd2 Qc7 15. Rab1
d5 16. Bd3 Nxd2 17. Nxd2 Bc8 18. c4 dxc4 19. Bxh7+ Kxh7 20. Qe4+ Kg8 21. Qxa8
Nc6 22. Nf3 Bd6 23. g3 a5 24. Ng5 Nb4 25. Nxb4 Bb7 26. Na6 1-0

[Event "7eme open international de La Fere"]
[Site "La Fere (FRA)"]
[Date "2008.07.09"]
[Round "6.37"]
[White "Soyez, Cyril"]
[Black "Lapersonne, Patrick"]
[Result "1-0"]
[WhiteElo "2254"]
[BlackElo "1600"]
[PlyCount "83"]
[EventDate "2008.??.??"]

1. c4 e5 2. g3 Nf6 3. Bg2 d5 4. cxd5 Nxd5 5. Nc3 c6 6. Nxd5 cxd5 7. Qb3 Be6 8.
Qxb7 Nd7 9. Nf3 Bc5 10. O-O Rb8 11. Qa6 Rb6 12. Qa4 Rb4 13. Qc2 Rc4 14. Qd1 Bb6
15. d3 Rc7 16. b3 O-O 17. Ba3 Bc5 18. Bxc5 Rxc5 19. d4 exd4 20. Nxd4 Nf6 21.
Nxe6 fxe6 22. Rc1 Qe7 23. Qd2 Rfc8 24. e3 Qc7 25. Rxc5 Qxc5 26. Rd1 Qc2 27. h3
Ne4 28. Qxc2 Rxc2 29. Bxe4 Rxa2 30. Bxd5 exd5 31. Rxd5 a5 32. Kg2 a4 33. bxa4
Rxa4 34. Rd7 Kf8 35. g4 Ra5 36. Kg3 h5 37. f3 hxg4 38. hxg4 Ra3 39. Kf4 Ra5 40.
e4 g5+ 41. Kg3 Re5 42. Rd5 1-0

[Event "7eme open international de La Fere"]
[Site "La Fere (FRA)"]
[Date "2008.07.09"]
[Round "6.38"]
[White "Cheriet, Salim"]
[Black "Godart, Francois"]
[Result "0-1"]
[WhiteElo "1590"]
[BlackElo "1985"]
[PlyCount "108"]
[EventDate "2008.??.??"]

1. e4 c6 2. d4 d5 3. Nc3 dxe4 4. Nxe4 Bf5 5. Ng3 Bg6 6. Nf3 Nd7 7. h4 h6 8. h5
Bh7 9. Bd3 Bxd3 10. Qxd3 e6 11. Bd2 Qc7 12. O-O-O Ngf6 13. Ne4 Nxe4 14. Qxe4
Nf6 15. Qe2 Be7 16. Ne5 O-O 17. g4 Nh7 18. f4 c5 19. Be3 cxd4 20. Rxd4 Bf6 21.
Bd2 Rac8 22. Rc4 Qb6 23. Re1 Rfd8 24. Qe3 Bxe5 25. Qxb6 axb6 26. Rxc8 Bxb2+ 27.
Kxb2 Rxc8 28. Re5 Nf6 29. g5 hxg5 30. Rxg5 Ne4 31. Rg2 Kh7 32. Be3 b5 33. Bd4
Nf6 34. Rg5 Rd8 35. Bxf6 gxf6 36. Rxb5 Rd7 37. Kb3 Kh6 38. Kb4 f5 39. Ka5 Kxh5
40. Kb6 Kg4 41. c4 Kxf4 42. a4 e5 43. Rd5 Re7 44. Kc5 e4 45. Kb6 e3 46. Rd1 e2
47. Re1 Ke3 48. c5 f4 49. a5 f3 50. c6 bxc6 51. a6 f2 52. Rc1 f1=Q 53. Rc3+ Kf2
54. Rc2 Qb1+ 0-1

[Event "7eme open international de La Fere"]
[Site "La Fere (FRA)"]
[Date "2008.07.09"]
[Round "6.28"]
[White "Feryn, Alexandre"]
[Black "Houze, Victor"]
[Result "1-0"]
[WhiteElo "1940"]
[BlackElo "1380"]
[PlyCount "93"]
[EventDate "2008.??.??"]

1. e4 c5 2. Nf3 d6 3. c3 Nf6 4. Be2 Nbd7 5. d3 e6 6. O-O Be7 7. h3 O-O 8. Be3
b6 9. Nbd2 Bb7 10. Qc2 Qc7 11. Bf4 e5 12. Bg3 Rac8 13. Rfe1 Rfe8 14. a4 a6 15.
Qb3 h6 16. Nh4 d5 17. Bf3 c4 18. dxc4 dxc4 19. Qc2 Rcd8 20. Nf5 Nf8 21. Ne3 Ng6
22. Nexc4 b5 23. axb5 axb5 24. Na5 Rd6 25. Nxb7 Qxb7 26. Nf1 Red8 27. Ra5 R8d7
28. Rea1 Bd8 29. Ra8 Ne8 30. Ne3 Nc7 31. R8a7 Qc6 32. Qb3 Ne6 33. Rxd7 Rxd7 34.
Nd5 Nc5 35. Qa2 Kf8 36. Qa8 Nb7 37. Be2 Rd6 38. h4 f6 39. h5 Ne7 40. Nxe7 Kxe7
41. Ra7 Rd7 42. Bg4 Rc7 43. Bf5 Qb6 44. Ra6 Qc5 45. Re6+ Kf8 46. Bg6 Rf7 47.
Qxb7 1-0

[Event "7eme open international de La Fere"]
[Site "La Fere (FRA)"]
[Date "2008.07.09"]
[Round "6.32"]
[White "Casier, Fabrice"]
[Black "Vorobyov, Yrij"]
[Result "0-1"]
[WhiteElo "1831"]
[BlackElo "2247"]
[PlyCount "54"]
[EventDate "2008.??.??"]

1. c4 c5 2. Nc3 Nf6 3. g3 d5 4. cxd5 Nxd5 5. Bg2 Nc7 6. Nf3 Nc6 7. O-O e5 8. d3
Be7 9. b3 Be6 10. Bb2 Qd7 11. Ne1 Bh3 12. Rc1 O-O 13. Ne4 b6 14. Nf3 Bxg2 15.
Kxg2 f6 16. Qc2 Rac8 17. Rfd1 Kh8 18. e3 Ne6 19. Qe2 Rfd8 20. Ne1 Nb4 21. Ba1
Qb7 22. Qg4 Ng5 23. f3 Nxe4 24. dxe4 Nxa2 25. Rxd8+ Rxd8 26. Rc2 Nb4 27. Re2
Qa6 0-1

[Event "7eme open international de La Fere"]
[Site "La Fere (FRA)"]
[Date "2008.07.09"]
[Round "6.33"]
[White "Brobecker, Alain"]
[Black "Cappon, John"]
[Result "0-1"]
[WhiteElo "1758"]
[BlackElo "2221"]
[PlyCount "36"]
[EventDate "2008.??.??"]

1. d3 e5 2. Nf3 Nc6 3. g3 d5 4. Bg2 f6 5. c3 Bc5 6. b4 Bb6 7. Nbd2 a6 8. Nb3
Nge7 9. Qc2 O-O 10. O-O Be6 11. Bd2 Qd7 12. c4 d4 13. c5 Ba7 14. e3 dxe3 15.
fxe3 Rad8 16. d4 e4 17. Qxe4 Bf5 18. Qh4 Ng6 0-1

[Event "7eme open international de La Fere"]
[Site "La Fere (FRA)"]
[Date "2008.07.09"]
[Round "6.34"]
[White "Jimenez, Martin"]
[Black "Videnova, Iva"]
[Result "0-1"]
[WhiteElo "1750"]
[BlackElo "2211"]
[PlyCount "34"]
[EventDate "2008.??.??"]

1. d4 Nf6 2. c4 c5 3. d5 d6 4. Nc3 g6 5. e4 Bg7 6. Bd3 O-O 7. Bd2 e6 8. f4 exd5
9. cxd5 Re8 10. Qe2 Nxe4 11. Bxe4 f5 12. O-O-O fxe4 13. Re1 Qb6 14. Nf3 Bf5 15.
Qc4 Na6 16. Ng5 Qb4 17. Qb5 Bxc3 0-1

[Event "7eme open international de La Fere"]
[Site "La Fere (FRA)"]
[Date "2008.07.09"]
[Round "6.36"]
[White "Rigolot, Lucie"]
[Black "Lecouteux, Guilhem"]
[Result "0-1"]
[WhiteElo "1709"]
[BlackElo "2027"]
[PlyCount "114"]
[EventDate "2008.??.??"]

1. e4 c5 2. Nf3 d6 3. d4 cxd4 4. Nxd4 Nf6 5. Nc3 a6 6. Bc4 e6 7. O-O Nbd7 8.
Bb3 Nc5 9. Re1 Be7 10. f4 Nxb3 11. Nxb3 O-O 12. Qf3 Bd7 13. Be3 Rc8 14. Rad1 b5
15. a3 Qc7 16. Nd4 Qb7 17. e5 Qxf3 18. Nxf3 Ne8 19. exd6 Nxd6 20. Ne5 Be8 21.
Bd2 Nc4 22. Bc1 Nxe5 23. fxe5 Bc6 24. Rd3 Rfd8 25. Red1 Rxd3 26. Rxd3 Rd8 27.
Rxd8+ Bxd8 28. Be3 Bc7 29. Bd4 h6 30. h4 Kh7 31. Kf2 Kg6 32. g4 h5 33. gxh5+
Kxh5 34. Ke3 Kxh4 35. Na2 a5 36. Nc1 Kg4 37. Nd3 Kf5 38. b4 a4 39. c3 g5 40.
Ke2 Bd5 41. Ke3 g4 42. Kf2 Be4 43. Nc5 Bxe5 44. Bxe5 Kxe5 45. Nd7+ Kf4 46. Nb6
g3+ 47. Kg1 Ke3 48. c4 bxc4 49. Nxc4+ Kd4 50. Nd6 f5 51. Nb5+ Ke3 52. Nc3 f4
53. b5 Bb7 54. Nd1+ Kd2 55. Nb2 Ke2 56. Nxa4 f3 57. Nc3+ Ke1 0-1

[Event "7eme open international de La Fere"]
[Site "La Fere (FRA)"]
[Date "2008.07.09"]
[Round "6.39"]
[White "Siauve, Julien"]
[Black "Haast, Anne"]
[Result "0-1"]
[WhiteElo "1682"]
[BlackElo "2041"]
[PlyCount "80"]
[EventDate "2008.??.??"]

1. e4 e5 2. Nf3 Nc6 3. Nc3 Nf6 4. Bb5 d6 5. d4 exd4 6. Qxd4 Bd7 7. Bxc6 Bxc6 8.
Bg5 Be7 9. O-O-O O-O 10. h4 a5 11. Nd5 Bxd5 12. exd5 Qd7 13. Rh3 c6 14. Rg3 Nh5
15. Qg4 Qxg4 16. Rxg4 f6 17. Be3 f5 18. Rc4 c5 19. Ng5 b5 20. Rc3 Bxg5 21. Bxg5
Rae8 22. Re3 Rxe3 23. Bxe3 Re8 24. Bd2 a4 25. Re1 Rxe1+ 26. Bxe1 Nf4 27. b3 a3
28. c4 b4 29. g3 Nd3+ 30. Kd2 Ne5 31. Ke3 Kf7 32. Bd2 Ng6 33. f3 f4+ 34. gxf4
Nxh4 35. Ke4 g6 36. Be1 Nf5 37. Bf2 h5 38. Kd3 h4 39. Ke2 h3 40. Kf1 Nd4 0-1

[Event "7eme open international de La Fere"]
[Site "La Fere (FRA)"]
[Date "2008.07.09"]
[Round "6.41"]
[White "Waquet, Frederic"]
[Black "Chevance, Gerard"]
[Result "1-0"]
[WhiteElo "2004"]
[BlackElo "1690"]
[PlyCount "43"]
[EventDate "2008.??.??"]

1. e4 c6 2. d4 d5 3. Nd2 dxe4 4. Nxe4 Bf5 5. Ng3 Bg6 6. h4 h6 7. f4 Nf6 8. Nf3
Nbd7 9. h5 Bh7 10. Bd3 Bxd3 11. Qxd3 Qc7 12. Ne5 e6 13. Bd2 Nb6 14. O-O-O Bd6
15. Ne4 Nbd5 16. Nxd6+ Qxd6 17. f5 O-O 18. g4 Nh7 19. g5 Nxg5 20. Bxg5 hxg5 21.
h6 exf5 22. hxg7 1-0

[Event "7eme open international de La Fere"]
[Site "La Fere (FRA)"]
[Date "2008.07.09"]
[Round "6.43"]
[White "Fauchart, Francois"]
[Black "Ringoir, Guy"]
[Result "1/2-1/2"]
[WhiteElo "1580"]
[BlackElo "1944"]
[PlyCount "84"]
[EventDate "2008.??.??"]

1. e4 c5 2. g3 g6 3. Bg2 Bg7 4. c3 Nc6 5. Ne2 e5 6. d3 Nf6 7. O-O O-O 8. f4 d6
9. Na3 Qe7 10. Nc4 Be6 11. Ne3 Rad8 12. f5 Bc8 13. c4 Nd4 14. g4 gxf5 15. gxf5
Kh8 16. Nxd4 exd4 17. Ng4 Nxg4 18. Qxg4 Rg8 19. Qh3 Be5 20. Bf4 f6 21. Kh1 Rg7
22. Bh6 Rgg8 23. Bf3 Bd7 24. Rg1 Rxg1+ 25. Rxg1 Rg8 26. Rxg8+ Kxg8 27. Qg2+ Kh8
28. Bh5 b5 29. b3 bxc4 30. bxc4 Bc6 31. Qb2 Qb7 32. Qxb7 Bxb7 33. Bf7 Bc6 34.
a3 Ba4 35. Bh5 Bc2 36. Be2 Kg8 37. Kg2 Kf7 38. h4 Ke7 39. Kf3 Kf7 40. h5 Kg8
41. Bd2 Kg7 42. Kg4 Kf7 1/2-1/2

[Event "7eme open international de La Fere"]
[Site "La Fere (FRA)"]
[Date "2008.07.09"]
[Round "6.44"]
[White "Demeestere, Laurent"]
[Black "Pierret, Paul"]
[Result "1-0"]
[WhiteElo "1941"]
[BlackElo "1591"]
[PlyCount "69"]
[EventDate "2008.??.??"]

1. e4 e5 2. Nf3 d6 3. d4 exd4 4. Nxd4 c5 5. Nf3 a6 6. a4 Bd7 7. Bc4 h6 8. Qd5
Be6 9. Qxb7 Nd7 10. Bxe6 fxe6 11. O-O Qb8 12. Qxb8+ Rxb8 13. Nc3 Be7 14. Rd1
Nb6 15. a5 Nd7 16. Rd3 Rd8 17. Bf4 Nf8 18. Rad1 Nd7 19. Bxd6 Ngf6 20. e5 Ng4
21. Bc7 Ngxe5 22. Nxe5 Nxe5 23. Rxd8+ Bxd8 24. Rxd8+ Ke7 25. Rxh8 Nc4 26. b3
Na3 27. Ra8 Nxc2 28. Rxa6 Kd7 29. Be5 g6 30. Rd6+ Ke7 31. a6 Na3 32. a7 Nc2 33.
a8=Q Nb4 34. Qd8+ Kf7 35. Rd7# 1-0

[Event "7eme open international de La Fere"]
[Site "La Fere (FRA)"]
[Date "2008.07.09"]
[Round "6.45"]
[White "Laufer, Maurice"]
[Black "Boudier, Eric"]
[Result "1-0"]
[WhiteElo "1521"]
[BlackElo "1898"]
[PlyCount "125"]
[EventDate "2008.??.??"]

1. f4 d5 2. Nf3 Nf6 3. e3 Bf5 4. Be2 Nbd7 5. b3 e6 6. Bb2 Bd6 7. O-O O-O 8. d3
c6 9. Nbd2 Ng4 10. Qe1 Nxe3 11. Qg3 f6 12. Rfc1 c5 13. Nh4 d4 14. Nc4 Nxc4 15.
bxc4 Qc7 16. Nxf5 exf5 17. Rf1 Rfe8 18. Bh5 Re3 19. Qh4 g6 20. Bc1 Re7 21. Qg3
Rg7 22. Bf3 g5 23. Qf2 g4 24. Bd5+ Kf8 25. g3 Re8 26. Bd2 Nb6 27. Bg2 Nc8 28.
c3 Ne7 29. Rab1 b6 30. Rbe1 a6 31. Kh1 b5 32. cxd4 bxc4 33. dxc4 Rc8 34. d5 Rb8
35. Bc3 Ng8 36. Re6 Kf7 37. Qc2 Kg6 38. h3 h5 39. h4 Rd8 40. Rfe1 Rdd7 41. Be5
Rge7 42. Bxd6 Rxd6 43. R1e5 Rdxe6 44. Qxf5+ Kg7 45. Rxe6 Rxe6 46. Qxe6 a5 47.
d6 Qf7 48. Qe2 Qd7 49. Qd3 Nh6 50. Be4 f5 51. Bg2 Nf7 52. Qc3+ Kg6 53. Qxa5
Qxd6 54. Bd5 Nd8 55. Qc3 Nc6 56. Qd3 Nd4 57. Qe3 Kf6 58. a4 Qb6 59. Qe5+ Kg6
60. Qe8+ Kg7 61. Qf7+ Kh6 62. Qf8+ Kg6 63. Bf7+ 1-0

[Event "7eme open international de La Fere"]
[Site "La Fere (FRA)"]
[Date "2008.07.09"]
[Round "6.46"]
[White "Delboe, Charles"]
[Black "Huyet, Yannick"]
[Result "1-0"]
[WhiteElo "1884"]
[BlackElo "1490"]
[PlyCount "45"]
[EventDate "2008.??.??"]

1. c4 e6 2. Nc3 Nf6 3. e4 Nc6 4. d4 Bb4 5. e5 Ne4 6. Bd2 Nxf2 7. Kxf2 Qh4+ 8.
g3 Qxd4+ 9. Be3 Qxd1 10. Rxd1 Bxc3 11. bxc3 Nxe5 12. Bf4 f6 13. Bxe5 fxe5 14.
Nf3 O-O 15. Ke3 b6 16. Bg2 e4 17. Ng5 d6 18. Bxe4 Rb8 19. Nxh7 Re8 20. Bg6 Bb7
21. Rhf1 Re7 22. Ng5 d5 23. Rf7 1-0

[Event "7eme open international de La Fere"]
[Site "La Fere (FRA)"]
[Date "2008.07.09"]
[Round "6.47"]
[White "Legrand, Jean-Pierre"]
[Black "Ben Porat, Zeev"]
[Result "0-1"]
[WhiteElo "1570"]
[BlackElo "2008"]
[PlyCount "81"]
[EventDate "2008.??.??"]

1. e4 c5 2. Nc3 e6 3. Nf3 Nc6 4. Bd3 d5 5. exd5 exd5 6. O-O Be7 7. Bb5 d4 8.
Bxc6+ bxc6 9. Ne4 f5 10. Ng3 Nf6 11. Ne5 Qc7 12. Nc4 f4 13. Nh5 O-O 14. d3 Nxh5
15. Qxh5 Bf5 16. Bd2 g6 17. Qe2 Bf6 18. Rae1 g5 19. Ba5 Qd7 20. Qd2 Qd5 21. f3
Rfe8 22. Rxe8+ Rxe8 23. Re1 Re3 24. Rxe3 fxe3 25. Qe2 Qd7 26. Be1 Be6 27. b3 h5
28. h3 h4 29. g4 hxg3 30. Bxg3 Bxc4 31. dxc4 Qxh3 32. Bh2 Qf5 33. a3 Be5 34.
Bxe5 Qxe5 35. Qd3 Qg3+ 36. Kh1 Qxf3+ 37. Kh2 Kg7 38. b4 g4 39. c3 Qf2+ 40. Kh1
g3 41. Qg6+ 0-1

[Event "7eme open international de La Fere"]
[Site "La Fere (FRA)"]
[Date "2008.07.09"]
[Round "6.48"]
[White "Molet, Asher"]
[Black "Calonne, Pascal"]
[Result "1-0"]
[WhiteElo "1950"]
[BlackElo "1660"]
[PlyCount "42"]
[EventDate "2008.??.??"]

1. d4 d5 2. Nf3 e6 3. e3 c5 4. c3 Nc6 5. Bd3 Nf6 6. Nbd2 cxd4 7. exd4 Bd6 8.
O-O O-O 9. Re1 h6 10. Nf1 Re8 11. Ne5 Qc7 12. Qe2 a6 13. a4 b6 14. Ng3 Be7 15.
Bd2 Bb7 16. Nh5 Nh7 17. Bxh7+ Kxh7 18. Nxf7 Nd8 19. Qd3+ Kg8 20. Nxh6+ Kh8 21.
Qg6 Bf8 1-0

[Event "7eme open international de La Fere"]
[Site "La Fere (FRA)"]
[Date "2008.07.09"]
[Round "6.49"]
[White "Rozelet, Christophe"]
[Black "Cozette, Michael"]
[Result "0-1"]
[WhiteElo "1240"]
[BlackElo "2026"]
[PlyCount "30"]
[EventDate "2008.??.??"]

1. e4 e5 2. Nf3 Nc6 3. Bc4 Nf6 4. Nc3 Bc5 5. O-O O-O 6. d3 h6 7. Be3 d6 8. Bb5
Nd4 9. a4 Bg4 10. h3 Nxf3+ 11. gxf3 Bxh3 12. Re1 Nh5 13. d4 exd4 14. Bxd4 Qg5+
15. Kh2 Qg2# 0-1

[Event "7eme open international de La Fere"]
[Site "La Fere (FRA)"]
[Date "2008.07.09"]
[Round "6.50"]
[White "Vandervorst, Marc"]
[Black "Dernoncourt, Christophe"]
[Result "1-0"]
[WhiteElo "1877"]
[BlackElo "1590"]
[PlyCount "31"]
[EventDate "2008.??.??"]

1. e4 e5 2. Nf3 Nc6 3. Bc4 Bc5 4. d3 h6 5. Be3 Bxe3 6. fxe3 Nf6 7. O-O d5 8.
exd5 Nxd5 9. Qe1 Be6 10. Nbd2 Ndb4 11. Qg3 Nxc2 12. Bxe6 fxe6 13. Qxg7 Rf8 14.
Nxe5 Rxf1+ 15. Rxf1 Qe7 16. Qh8+ 1-0

[Event "7eme open international de La Fere"]
[Site "La Fere (FRA)"]
[Date "2008.07.09"]
[Round "6.51"]
[White "Poulain, Andre"]
[Black "Descamps, Serge"]
[Result "1-0"]
[WhiteElo "1835"]
[BlackElo "1570"]
[PlyCount "105"]
[EventDate "2008.??.??"]

1. e4 c5 2. Nc3 Nc6 3. f4 e6 4. Nf3 d5 5. Bb5 a6 6. Bxc6+ bxc6 7. e5 a5 8. d3
Ba6 9. O-O Nh6 10. b3 Nf5 11. Qe1 Be7 12. Na4 Qb8 13. c4 dxc4 14. dxc4 Qd8 15.
Bb2 Qd3 16. Qc3 Qxc3 17. Bxc3 Rd8 18. Bxa5 Rd3 19. Rfd1 Bxc4 20. Rxd3 Bxd3 21.
Rc1 O-O 22. Nxc5 Bxc5+ 23. Rxc5 Be4 24. Kf2 Bd5 25. g4 Ne7 26. Nd4 Rc8 27. h4
f6 28. exf6 gxf6 29. Nf3 e5 30. fxe5 fxe5 31. Nxe5 Rf8+ 32. Kg3 Rf1 33. Rc2 Ng6
34. Nxg6 Rf3+ 35. Kh2 hxg6 36. Be1 Rf1 37. Bf2 Kf7 38. Kg3 Rd1 39. Kf4 Rd3 40.
Ke5 Rf3 41. Bc5 Kg7 42. Re2 Kf7 43. Rf2 Rxf2 44. Bxf2 Be4 45. b4 Bd3 46. a4 Bc4
47. Bd4 Bd3 48. h5 gxh5 49. gxh5 Ke8 50. h6 Kd7 51. Kf6 Kc8 52. Kg7 Kb7 53. h7
1-0